VODA WATER : Gasparin Meier Architects /

Guardado en:
Detalles Bibliográficos
Otros Autores: Suchomel, Jiří (Editor), Kratochvíl, Petr (Revisador)
Formato: Libro
Lenguaje:checo
inglés
Publicado: Liberec Technická univezita v Liberci 2014
Edición:1. vydanie
Etiquetas: Agregar Etiqueta
Sin Etiquetas, Sea el primero en etiquetar este registro!

MARC

LEADER 00000nam a22000003a 4500
001 0004807
003 SK-STU
005 20150617230331.6
007 ta
008 150522s ----xo-----e------000-0-----d
020 |a 978-80-7494-085-9 
040 |a STU  |b slo 
041 0 |a cze 
041 0 |a eng 
044 |a xr 
100 1 |a Suchomel, Jiří  |4 edt 
245 1 0 |a VODA WATER :  |b Gasparin Meier Architects /  |c ed. Jiří Suchomel ; rec. Petr Kratochvíl 
246 3 1 |a EX-CENTRIC : Architecture outside the centres 
250 |a 1. vydanie 
260 |a Liberec  |b Technická univezita v Liberci  |c 2014 
300 |a 48 s.  |b 400 ks 
700 1 |a Kratochvíl, Petr  |4 rev 
996 |b 284AU06439  |c A* 9357/U  |l AAKNST  |s P  |a 0  |w 0004807_0001